| 000 | 00373nam a2200157Ia 4500 | ||
|---|---|---|---|
| 008 | 230917s9999||||xx |||||||||||||| ||und|| | ||
| 020 | _cDFL125 | ||
| 040 |
_e19129 _aMAIN |
||
| 041 | _aEnglish | ||
| 082 | _a515.35 F228D | ||
| 100 | _aFarkas, M. ed. | ||
| 245 | 0 | _aDifferential equations | |
| 260 |
_aAmsterdam _bNorth-Holland _c1977 |
||
| 300 | _a418 p. | ||
| 942 | _cBK | ||
| 999 |
_c214745 _d214745 |
||